| 000 | 00911cam a2200253 a 4500 | ||
|---|---|---|---|
| 001 | 2542851 | ||
| 003 | NUST - PNEC | ||
| 005 | 20170116181022.0 | ||
| 008 | 940815s1995 enka b 001 0 eng | ||
| 010 | _a 94033331 | ||
| 020 | _a0750616687 | ||
| 040 | _cLIBRARY | ||
| 082 | 0 | 0 | _a621.430287 PLI |
| 100 | 1 |
_aPlint, M. A. _q(Michael Alexander) |
|
| 245 | 1 | 0 |
_aEngine testing : _btheory and practice / _cMichael Plint and Anthony Martyr. |
| 260 |
_aOxford ; _aBoston : _bButterworth-Heinemann, _c1995. |
||
| 300 |
_axiv, 295 p. : _bill. ; _c25 cm. |
||
| 504 | _aIncludes bibliographical references and index. | ||
| 650 | 0 |
_aInternal combustion engines _xME |
|
| 700 | 1 | _aMartyr, Anthony. | |
| 906 |
_a7 _bcbc _corignew _d1 _eocip _f19 _gy-gencatlg |
||
| 942 |
_2ddc _cBK |
||
| 999 |
_c67453 _d67453 |
||